000
00238nam a22001097a 4500
082
_a
954/SHE
100
_a
Singh,Bihari
_9
81410
245
_a
Karma Dharma And Moksha
260
_a
New Delhi
_b
Seva Books
650
_a
Religions
942
_c
BK
999
_c
65410
_d
65410